000 01095nam a2200301Ia 4500
001 Para_1381
003 CHAP
008 220125s1999 xx 000 0 und d
010 _a200089
040 _cCHAP
090 _aPA TESIS 1322
100 _aVenegas Bustamante, Anselmo
_9118676
245 _aEvaluación de tácticas para el combate de nemátodos agalladores del género Meloydogyne spp. asociados al cultivo de sandía (Citrullus vulgaris Sharad), en la región Mixteca del estado de Puebla /
_c por Anselmo Venegas Bustamante
260 _aChapingo, Méx. :
_b El autor
300 _a90 h.
502 _aTesis (M.C. en Proteccion Vegetal), UACh. Depto. Parasitología
650 _aMeloidogyne
_974428
650 _aNematodos
_x parásitos de plantas
_9164196
650 _aSandia
_x enfermedades
_9102063
710 _aUACh. Departamento de Parasitología Agrícola
_9115877
901 _aPA TESIS 1322
902 _aA
905 _a0000001999 i 0000000000 00
910 _a1999
942 _cPARA
942 _cPARA
_d1
999 _c200089
_d200089